<?xml version="1.0" encoding="UTF-8"?>
<collection xmlns="http://www.loc.gov/MARC21/slim">
<record>
  <controlfield tag="001">149818</controlfield>
  <controlfield tag="005">20250128120601.0</controlfield>
  <datafield tag="020" ind1=" " ind2=" ">
    <subfield code="a">978-84-16662-30-2</subfield>
  </datafield>
  <datafield tag="037" ind1=" " ind2=" ">
    <subfield code="a">BOOK-2025-189</subfield>
  </datafield>
  <datafield tag="041" ind1=" " ind2=" ">
    <subfield code="a">spa</subfield>
  </datafield>
  <datafield tag="100" ind1=" " ind2=" ">
    <subfield code="a">Gaspar Celaya, Diego</subfield>
    <subfield code="b"></subfield>
  </datafield>
  <datafield tag="245" ind1=" " ind2=" ">
    <subfield code="a">Banda de cosacos. Historia y memoria de la Nueve y sus hombres</subfield>
  </datafield>
  <datafield tag="250" ind1=" " ind2=" ">
    <subfield code="a">1ª ed.</subfield>
  </datafield>
  <datafield tag="260" ind1=" " ind2=" ">
    <subfield code="a">Madrid</subfield>
    <subfield code="b">Marcial Pons</subfield>
    <subfield code="c">2022</subfield>
  </datafield>
  <datafield tag="300" ind1=" " ind2=" ">
    <subfield code="a">416</subfield>
  </datafield>
  <datafield tag="520" ind1=" " ind2=" ">
    <subfield code="a">Desde su creación en el verano de 1943 y hasta su disolución en 1945, más de 360 hombres de catorce nacionalidades diferentes sirvieron en las filas de la Nueve. De ellos, 181 eran españoles, en su mayoría refugiados republicanos, pero también inmigrantes económicos llegados a territorio francés antes del comienzo de la Segunda Guerra Mundial. Sus compañeros de armas: franceses evadidos de Francia por España, gaullistas, comunistas y refractarios del Servicio de Trabajo Obligatorio alemán; jóvenes norteafricanos, alemanes antinazis, antifascistas italianos, belgas, húngaros, portugueses, rumanos, rusos, suizos, armenios, chilenos y brasileños. Todos ellos voluntarios transnacionales de la libertad encuadrados bajo bandera francesa. Su historia, repleta de matices, es la que ocupa estas páginas.</subfield>
  </datafield>
  <datafield tag="856" ind1="0" ind2=" ">
    <subfield code="f">agroca@unizar.es</subfield>
  </datafield>
  <datafield tag="856" ind1="4" ind2=" ">
    <subfield code="u">http://zaguan.unizar.es/record/149818/files/BOOK-2025-189.pdf</subfield>
    <subfield code="z">Sin acceso</subfield>
    <subfield code="s">155611</subfield>
    <subfield code="y">Sin acceso</subfield>
  </datafield>
  <datafield tag="909" ind1="C" ind2="O">
    <subfield code="o">oai:zaguan.unizar.es:149818</subfield>
    <subfield code="p">books</subfield>
  </datafield>
  <datafield tag="773" ind1=" " ind2=" ">
    <subfield code="t"></subfield>
  </datafield>
  <datafield tag="540" ind1=" " ind2=" ">
    <subfield code="9">info:eu-repo/semantics/closedAccess</subfield>
  </datafield>
  <datafield tag="506" ind1=" " ind2=" ">
    <subfield code="a">all-rights-reserved</subfield>
  </datafield>
  <datafield tag="980" ind1=" " ind2=" ">
    <subfield code="a">BOOK</subfield>
    <subfield code="b">MONOGRAFIAS</subfield>
    <subfield code="b"></subfield>
  </datafield>
</record>
</collection>